000 00734nam a2200241 a 4500
001 BRCA_4217
005 20190320204604.0
008 090610m19721973mx-a######---#000-0#spa-#
041 _aspa
044 _amx
050 4 _aHF3233
_b.R85 1
_c1972
100 1 _aRuiz Sandoval, H.
_910873
245 1 0 _aEl libro de oro en México
_bdirectorio social
_cH. Ruiz Sandoval.
250 _a38
260 _aMéxico
_bH. Ruiz Sandoval Jr.
_c1972-1973
300 _ac, 322 p.
_bil. (algunas a color)
_c18 cm.
500 _aVer también DD46 (ed. 14) y H13 (ed. 16 y 17)
500 _aAM25
651 4 _aMéxico
_vDirectorios
_xComercio
_910874
651 4 _aMéxico
_vGuías de viajeros
_xDescripción
_910875
902 _aGFM
942 _2lcc
_cB
999 _c3928
_d3928